000
00215 a2200097 4500
001
7719
100
_a
Rumsey, V.H
245
_a
Frequeney independent antennas
260
_a
_b
Academic Press
_c
090
_c
6177
_d
6177
942
_a
NUST-CAE
_c
M
_c
32686
999
_c
242792
_d
242792